ห้องสมุด วิทยาลัยพยาบาลบรมราชชนนี อุดรธานี
Boromarajonani College of Nursing, Udonthani
เปลี่ยนเป็นภาษาไทย

Change to English
 แสดงรายละเอียดบรรณานุกรม
  กลับหน้าหลัก

Brief Record : Get Marc (ISO 2709) : E-mail record : QR code ปิดหน้าต่าง
หนังสืออ้างอิง : เกี่ยวกับ Collections
mysqli: Table './ulib2015/stat_globaluid' is marked as crashed and last (automatic?) repair failed
select id from stat_globaluid where statuid='20260419171804_2445' 
mysqli: Table './ulib2015/stat_globaluid' is marked as crashed and last (automatic?) repair failed
DELETE FROM stat_globaluid
			WHERE id NOT IN (
			  SELECT id
			  FROM (
				SELECT id
				FROM stat_globaluid
				ORDER BY id DESC
				LIMIT 100
			  ) foo
			); 
mysqli: Table './ulib2015/stat_globaluid' is marked as crashed and last (automatic?) repair failed
insert into stat_globaluid set
		statuid='20260419171804_2445',
		dt='1776593884',
		phpself='/ULIB/dublinfull.php',
		agent='Mozilla/5.0 AppleWebKit/537.36 (KHTML, like Gecko; compatible; ClaudeBot/1.0; +claudebot@anthropic.com)',
		yea='2026',
		mon='4',
		dat='19',
		ip='216.73.216.142'
		
		
LEADER 00674nam 2200229 a 4500
001    12757
003     ULIBM
008    131011s2547 th m a001 0 tha d
020    ^a974-956-934-2
050  4 ^aQA^bค679ว 2547
245 ^a ^a1111
250    ^aพิมพ์ครั้งที่ 11.
300    ^a 252 หน้า.
650  7 ^aวิจัย--โปรแกรมคอมพิวเตอร์
700 0  ^aวิธีการควบคุมคุณภาพสถิติ
945    ^p0^l0^i23751
945    ^p0^l0^i23752
945    ^p0^l0^i23753
945    ^p0^l0^i23754
945    ^p0^l0^i23755
999     ^aลิขิตลักษณ์
รายการนี้ยังไม่มีแท็ก
คุณยังไม่ได้ล็อกอิน คุณสามารถมีกิจกรรมร่วมกับเว็บไซต์ได้ แต่ต้องล็อกอินก่อน ::
  ล็อกอิน
ลำดับที่ ประเภท เลขเรียก/บาร์โค้ด สถานที่ สถานะ
1. หนังสือภาษาไทย
หนังสือภาษาไทย
QA ค679ว 2547  
  Barcode: 23751
หนังสือทั่วไป On Shelf
2. หนังสือภาษาไทย
หนังสือภาษาไทย
QA ค679ว 2547 ฉ.2 
  Barcode: 23752
หนังสือทั่วไป On Shelf
3. หนังสือภาษาไทย
หนังสือภาษาไทย
QA ค679ว 2547 ฉ.3 
  Barcode: 23753
หนังสือทั่วไป On Shelf
4.
QA ค679ว 2547 ฉ.4 
  Barcode: 23754
หนังสือทั่วไป On Shelf
5. หนังสือภาษาไทย
หนังสือภาษาไทย
QA ค679ว 2547 ฉ.5 
  Barcode: 23755
หนังสือทั่วไป On Shelf
   [แสดง 5/5 รายการ]

mysqli: Can't create/write to file '/var/tmp/#sql_59d_0.MAI' (Errcode: 2)
select * from index_db where titl like '%วิธีทางสถิติเพื่อการพัฒนาคุณภาพ/ คุเมะ  อิโตชิ%' and mid<>'12757'  order by rand() limit 3
mysqli: Can't create/write to file '/var/tmp/#sql_59d_0.MAI' (Errcode: 2)
select * from index_db where subj like '%วิจัย--โปรแกรมคอมพิวเตอร์%' and mid<>'12757'  order by rand() limit 3

BibComment


ยังไม่เคยถูกคอมเมนท์

คอมเมนท์ทรัพยากรรายการนี้
  คอมเมนท์: วิธีทางสถิติเพื่..
Bib 12757

 
 
 

 Union Library Management : ULibM
Copyright 2026. All Rights Reserved.